History and will : (Record no. 20579)
[ view plain ]
| 000 -LEADER | |
|---|---|
| fixed length control field | 00989cam a2200289 4500 |
| 001 - CONTROL NUMBER | |
| control field | 4582930 |
| 003 - CONTROL NUMBER IDENTIFIER | |
| control field | BDDh-ASL |
| 005 - DATE AND TIME OF LATEST TRANSACTION | |
| control field | 20231015025916.0 |
| 008 - FIXED-LENGTH DATA ELEMENTS--GENERAL INFORMATION | |
| fixed length control field | 730517s1973 cau b 001 0 eng |
| 010 ## - LIBRARY OF CONGRESS CONTROL NUMBER | |
| LC control number | 75170722 |
| 020 ## - INTERNATIONAL STANDARD BOOK NUMBER | |
| International Standard Book Number | 0520021045 |
| 040 ## - CATALOGING SOURCE | |
| Original cataloging agency | DLC |
| Transcribing agency | DLC |
| Modifying agency | DLC |
| -- | BDDh-ASL |
| 050 00 - LIBRARY OF CONGRESS CALL NUMBER | |
| Classification number | B5234.M36 |
| Item number | W34 1973 |
| 082 00 - DEWEY DECIMAL CLASSIFICATION NUMBER | |
| Classification number | 181.11 |
| Item number | WAH |
| 100 1# - MAIN ENTRY--PERSONAL NAME | |
| Personal name | Wakeman, Frederic E. |
| 245 10 - TITLE STATEMENT | |
| Title | History and will : |
| Remainder of title | philosophical perspectives of Mao Tse-tung's thought |
| Statement of responsibility, etc. | [by] Frederic Wakeman, Jr. |
| 260 ## - PUBLICATION, DISTRIBUTION, ETC. | |
| Place of publication, distribution, etc. | Berkeley: |
| Name of publisher, distributor, etc. | University of California Press, |
| Date of publication, distribution, etc. | 1973. |
| 300 ## - PHYSICAL DESCRIPTION | |
| Extent | xvi, 392 p. : |
| Dimensions | 24 cm. |
| 350 ## - PRICE (NR) (BK AM CF MU VM SE) [OBSOLETE] | |
| Price | $12.75 |
| 490 1# - SERIES STATEMENT | |
| Series statement | Center for Chinese Studies. Publications |
| 504 ## - BIBLIOGRAPHY, ETC. NOTE | |
| Bibliography, etc. note | Includes bibliographical references. |
| 600 10 - SUBJECT ADDED ENTRY--PERSONAL NAME | |
| Personal name | Mao, Zedong, |
| Dates associated with a name | 1893-1976. |
| 830 #0 - SERIES ADDED ENTRY--UNIFORM TITLE | |
| Uniform title | Publications (University of California, Berkeley. Center for Chinese Studies) |
| 906 ## - LOCAL DATA ELEMENT F, LDF (RLIN) | |
| a | 7 |
| b | cbc |
| c | orignew |
| d | 2 |
| e | ncip |
| f | 19 |
| g | y-gencatlg |
| 942 ## - ADDED ENTRY ELEMENTS (KOHA) | |
| Source of classification or shelving scheme | Dewey Decimal Classification |
| Koha item type | Books |
| 987 ## - LOCAL ROMANIZATION/CONVERSION HISTORY (OCLC) | |
| Romanization/conversion identifier | PINYIN |
| Agency that converted, created or reviewed | DLC |
| Date of conversion or review | 20020626 |
| Status code | c |
| Withdrawn status | Lost status | Source of classification or shelving scheme | Damaged status | Not for loan | Collection code | Home library | Current library | Shelving location | Date acquired | Source of acquisition | Total Checkouts | Full call number | Barcode | Date last seen | Copy number | Price effective from | Koha item type | Public note |
|---|---|---|---|---|---|---|---|---|---|---|---|---|---|---|---|---|---|---|
| Dewey Decimal Classification | Not For Loan | Non-fiction | Asiatic Society Library | Asiatic Society Library | Ludden Collection | 01/11/2021 | Donated by Prof. David Ludden | 181.11 WAH | 104035 | 01/11/2021 | C-1 | 01/11/2021 | Books | RARE |